Constitution of India: as amended uptodate (Record no. 423353)

000 -LEADER
fixed length control field 00335cam a22001097a 4500
008 - FIXED-LENGTH DATA ELEMENTS--GENERAL INFORMATION
fixed length control field 180718b1965 xxu||||| |||| 00| 0 eng d
082 ## - DEWEY DECIMAL CLASSIFICATION NUMBER
Classification number C4x54 P192
245 ## - TITLE STATEMENT
Title Constitution of India: as amended uptodate
Statement of responsibility, etc. edited by Kailash Pandey
260 ## - PUBLICATION, DISTRIBUTION, ETC.
Place of publication, distribution, etc. New Delhi
Name of publisher, distributor, etc. Guide Publications
Date of publication, distribution, etc. 1965
300 ## - PHYSICAL DESCRIPTION
Extent xxxviii, 444p
700 ## - ADDED ENTRY--PERSONAL NAME
Personal name Pandey, Kailash
Holdings
Withdrawn status Lost status Damaged status Not for loan Permanent Location Current Location Date acquired Full call number Barcode Date last seen Price effective from Koha item type
        Indian Institute of Public Administration Indian Institute of Public Administration 2009-09-02 C4x54 P192 38913 2018-07-21 2018-07-21 Book

Powered by Koha